| 000 | 00599nam a2200205 a 4500 | ||
|---|---|---|---|
| 005 | 20140311163013.0 | ||
| 008 | 060818s19uu xx 00 eng d | ||
| 020 | _a0071355812 | ||
| 050 |
_aTK 6678 _b.R63 2000 |
||
| 100 | _aRobin, Michael | ||
| 245 |
_aDigital television fundamentals : _bdesign and installation of video and audio systems / _cMichael Robin |
||
| 250 | _a2nd ed. | ||
| 260 |
_aNew York : _bMcGraw-Hill, _c2000. |
||
| 300 |
_a730 p. : _bill. ; _c25 cm. |
||
| 521 | _aMC | ||
| 650 | _aDigital television. | ||
| 700 | _aPoulin, Michel | ||
| 942 |
_cBK _2lcc _kFOR |
||
| 999 |
_c39392 _d39392 |
||